Music Quiz

Random Music Quiz

F-777 'Im So Classy' Songs Quiz Stats

 Plays Quiz not verified by Sporcle

Also try: Title Not in Song
Challenge
Share
Tweet
Embed
Score 0/10 Timer 01:30
0 Plays Today
Song % Correct
Im So Classy (Original)
90.9%
Im So Classy (Ari Remix)
90.9%
Tommy Gun
81.8%
Top Hat
72.7%
Like a Sir
72.7%
Tuxedo
72.7%
Bow Tie
72.7%
Drinking Sum Tea
63.6%
My Mustache Is The Source Of My Power
63.6%
This Isn't Science Rocket 2 (Classy Edition)
45.5%

You're not logged in!

Compare scores with friends on all Sporcle quizzes.
OR
Log In

You Might Also Like...

Show Comments

Extras

Top Quizzes Today


Score Distribution

Your Account Isn't Verified!

In order to create a playlist on Sporcle, you need to verify the email address you used during registration. Go to your Sporcle Settings to finish the process.

Report this User

Report this user for behavior that violates our Community Guidelines.

Details: